Normal view MARC view
  • YADAV, DR. AWESH KUMAR AND SHARMA, RAJEEV

Entry Personal Name

Number of records used in: 2

001 - CONTROL NUMBER

  • control field: 5037

003 - CONTROL NUMBER IDENTIFIER

  • control field: OSt

005 - DATE AND TIME OF LATEST TRANSACTION

  • control field: 20190604124508.0

008 - FIXED-LENGTH DATA ELEMENTS

  • fixed length control field: 190604|| aca||aabn | a|a d

040 ## - CATALOGING SOURCE

  • Original cataloging agency: OSt
  • Transcribing agency: OSt

100 ## - HEADING--PERSONAL NAME

  • Personal name: YADAV, DR. AWESH KUMAR AND SHARMA, RAJEEV

670 ## - SOURCE DATA FOUND

  • Source citation: Work cat.: (OSt): YADAV, DR. AWESH KUMAR AND SHARMA, RAJEEV, MODULATED ORAL AND NANO DRUG DELIVERY SYSTEM